| 000 | 01054nam a22002777a 4500 | ||
|---|---|---|---|
| 003 | dpl | ||
| 005 | 20180705144750.0 | ||
| 008 | 180705b xxu||||| |||| 00| 0 eng d | ||
| 010 | _aA-810789 | ||
| 020 |
_c75.00 _a8171450997 |
||
| 035 | _aA-810789, A-810798 | ||
| 037 | _bCen Lib/Ret | ||
| 040 |
_aDPL _bHN _c0 |
||
| 082 |
_aक _bसैलीब |
||
| 100 |
_aसैली बलजीत _961194 |
||
| 245 |
_aबापू बहुत उदास है / _cसैली बलजीत |
||
| 246 |
_aBaapu bahut udaas hai / _bby Saili Baljeet |
||
| 260 |
_aदिल्ली _bसन्मार्ग प्रकाशन _c1997 |
||
| 270 |
_a16-यू.बी.बैंगलो रोड _bदिल्ली _e110007 |
||
| 300 |
_a94पृ. _c20सेमी (सजिल्द) |
||
| 650 |
_aहिन्दी -- साहित्य _961195 |
||
| 650 |
_aहिन्दी -- कहानी _9779 |
||
| 650 |
_aHindi -- Literature _961196 |
||
| 650 |
_aHindi -- Story _943117 |
||
| 942 |
_2ddc _cHN _hक _mसैलीब |
||
| 999 |
_c115384 _d115384 |
||